Skład reprezentacji Polski vs Grecja na Euro 2012 - Statystyki

Ogólne statystyki
  • Ten quiz został rozwiązany 543 razy
  • Średni wynik to 7 z 11
Statystyki odpowiedzi
Numer Pozycja Zawodnik % Poprawnych
9 Napastnik Robert Lewandowski
99%
1 Bramkarz Wojciech Szczęsny
98%
16 Prawy pomocnik Jakub Błaszczykowski
93%
20 Prawy obrońca Łukasz Piszczek
89%
10 Ofensywny pomocnik Ludovic Obraniak
64%
2 Lewy obrońca Sebastian Boenisch
51%
8 Lewy pomocnik Maciej Rybus
49%
15 Środkowy obrońca Damien Perquis
48%
7 Defensywny pomocnik Eugen Polanski
43%
13 Środkowy obrońca Marcin Wasilewski
43%
11 Defensywny pomocnik Rafał Murawski
40%
Nie znaleziono quizów pasujących do podanych kryteriów
Rozkład punktacji
Procent ludzi z każdym wynikiem
Percentyl według liczby udzielonych odpowiedzi
Twoja historia wyników
Nie rozwiązałeś tego quizu